000 00669nam a2200301Ia 4500
005 20260401122043.0
008 008 250103s9999 xx 000 0 eng d
020 _a340761954
037 _aTB
040 _aEDL
040 _beng
040 _cEDL
041 _2eng
041 _aeng
084 _a801.95014 HAW
084 _qEDL
100 _aHawthorn, Jeremy
_91232445
245 0 _aGlossary of Contemporary Literary Theory
245 0 _cHawthorn, Jeremy
260 _aLondon
260 _bArnold
260 _c2000
300 _a400p
942 _cTB
942 _h801.95014 HAW
999 _c1844611
_d1844611